000 00295nam a2200121Ia 4500
008 190216s9999||||xx |||||||||||||| ||und||
100 _aNirmala Prakash
245 0 _aDifferential Geometry
260 _bTata Mcgrawhill Publishers
_c1985
300 _a414p
650 _aMathematics
942 _cBK
999 _c30884
_d30884